Bigger or Smaller - Statistics

General Stats
  • This quiz has been taken 399 times
    216 since last reset
  • The average score is 8 of 15
Answer Stats
Question Answer % Correct
Mongolia _____ India Is Smaller Than
85%
Chad _____ Chile Is Bigger Than
72%
Jordan _____ Bulgaria Is Smaller Than
68%
United Kingdom _____ Guinea Is Bigger Than
66%
South Sudan _____ Afghanistan Is Smaller Than
60%
Suriname _____ Malawi Is Bigger Than
57%
Benin _____ United Arab Emirates Is Bigger Than
57%
Sri Lanka _____ Bosnia and Herzegovina Is Bigger Than
55%
Morocco _____ Uzbekistan Is Smaller Than
45%
Burundi _____ Rwanda Is Bigger Than
40%
Yemen _____ Spain Is Bigger Than
38%
Nigeria _____ Tanzania Is Smaller Than
38%
Paraguay _____ Malaysia Is Bigger Than
36%
Switzerland _____ Costa Rica Is Smaller Than
32%
Belarus _____ Gabon Is Smaller Than
30%
No matching quizzes found
Score Distribution
Percent of People with Each Score
Percentile by Number Answered
Your Score History
You have not taken this quiz since the last reset